000 004120000a22001690004500
003 MACL
005 20160109160241.0
008 160109b xxu||||| |||| 00| 0 eng d
040 _aMACL
_cMACL
041 _aEnglish
082 _a914.4/TOW
100 _aTower, Charles
_930558
245 _aThe Moselle
260 _bConstable & Co Ltd
_c1913
_aLondon
650 _aHistory
_930559
942 _cBK
_k914.4/TOW
_2ddc
999 _c37049
_d37049